000 01967nam0a2200349 4500
001 RU\NLR\BIBL_A\022119785
005 20240215151652.0
010 _a978-5-4344-0870-7
021 _aRU
_bКН-П-23-077686
_9КН-П-23-7854
035 _a(NLR Aleph) 022119785
090 _a12803485
_c12803485
100 _a20240130d2023 k y0rusy50 ca
101 0 _arus
102 _aRU
105 _aac j 001zy
181 0 _ai
_baxxe
182 0 _an
200 1 _aАэродинамика автомобиля
_eкурс лекций с краткими биографиями конструкторов и дизайнеров
_eдля студентов, обучающихся по направлению "Наземные транспортно-технологические средства" различных специальностей
_fБ. Я. Бендерский, К. В. Чернов
203 _aТекст
_bвизуальный
_cнепосредственный
210 _aМосква
_aИжевск
_cИнститут компьютерных исследований
_d2023
215 _a330 с.
_cил., цв. ил., табл., портр.
_d21
320 _aБиблиогр.: с. 321-328 (113 назв.)
320 _aИмен. указ.: с. 329-330
606 1 _aАвтомобили
_jУчебные издания для высших учебных заведений
_xАэродинамика
_9890658
_3RU\NLR\AUTH\661747
686 1 _aО33-011.1я73-2
700 1 _7ca
_8rus
_aБендерский
_bБ. Я.
_f1948-
_gБорис Яковлевич
_943605
_3RU\NLR\AUTH\7760675
701 1 _7ca
_8rus
_aЧернов
_bК. В.
_cспециалист в обл. аэродинамики
_gКирилл Владимирович
_9264812
_3RU\NLR\AUTH\770264868
942 _cBOOK
980 _aNB